| 000 | 00702nam a2200253 a 4500 | ||
|---|---|---|---|
| 999 |
_c8746 _d8746 |
||
| 001 | 8746 | ||
| 003 | BD-JhCC | ||
| 005 | 20220526134020.0 | ||
| 008 | 180303r20042003 uka|||| |||| 001 0 eng d | ||
| 020 | _a8175961562 | ||
| 035 | _a(BD-JhCC)8746 | ||
| 040 |
_aBD-JhCC _dBD-JhCC |
||
| 041 | _aeng | ||
| 082 |
_a540 _bMAT 2004 |
||
| 100 | _aMatthews, Philip | ||
| 245 |
_aAdvanced Chemistry : _bphysical and industrial / _cPhilip Matthews |
||
| 260 |
_aLondon : _bCambridge University Press, _c2004 [reprinted]. |
||
| 300 |
_a976 p. : _bill. ; _c22 cm. |
||
| 504 | _aIncludes Index. | ||
| 650 | _aChemistry | ||
| 650 | _aPhysical Chemistry | ||
| 650 | _aIndustrial Chemistry | ||
| 942 |
_2ddc _cBK _02 |
||